Catálogo de los archivos donados por Amaro del Rosal Díaz / (Record no. 12771)

MARC details
000 -LEADER
campo de control de longitud fija 01372nam a22003251i 4500
001 - NÚMERO DE CONTROL
campo de control 12771
003 - IDENTIFICADOR DE NÚMERO DE CONTROL
campo de control ES-MaACL
005 - FECHA Y HORA DE LA ÚLTIMA TRANSACCIÓN
campo de control 20250831091926.0
007 - CAMPO FIJO DE DESCRIPCIÓN FÍSICA--INFORMACIÓN GENERAL
campo de control de longitud fija t|
008 - DATOS DE LONGITUD FIJA--INFORMACIÓN GENERAL
campo de control de longitud fija 910620s1986 sp b |||| | spa j
020 ## - NÚMERO INTERNACIONAL ESTÁNDAR DEL LIBRO
Número Internacional Estándar del Libro 84-85691-31-8
080 ## - NÚMERO DE LA CLASIFICACIÓN DECIMAL UNIVERSAL
Número de la Clasificación Decimal Universal 930.255(464.1 M.)Fundación Pablo Iglesias
080 ## - NÚMERO DE LA CLASIFICACIÓN DECIMAL UNIVERSAL
Número de la Clasificación Decimal Universal 930.255(464.1 M.)Rosal Díaz, Amaro
080 ## - NÚMERO DE LA CLASIFICACIÓN DECIMAL UNIVERSAL
Número de la Clasificación Decimal Universal 016:331.88(46)U.G.T.(093)
110 2# - ENTRADA PRINCIPAL--NOMBRE DE ENTIDAD CORPORATIVA
Nombre de entidad corporativa o nombre de jurisdicción como elemento de entrada Fundación Pablo Iglesias
9 (RLIN) 4374
245 10 - MENCIÓN DEL TÍTULO
Título Catálogo de los archivos donados por Amaro del Rosal Díaz /
Mención de responsabilidad, etc. elaborado por Beatriz García Paz, Carmen Motilva Martí ; bajo la dirección y supervisión de Aurelio Martín Nájera, Antonio González Quintana ; Ministerio de Cultura, Dirección General de Bellas Artes y Archivos, Dirección de Archivos Estatales.
250 ## - MENCION DE EDICION
Mención de edición 1ª ed.
260 ## - PUBLICACIÓN, DISTRIBUCIÓN, ETC.
Lugar de publicación, distribución, etc. Madrid :
Nombre del editor, distribuidor, etc. Pablo Iglesias,
Fecha de publicación, distribución, etc. 1986.
300 ## - DESCRIPCIÓN FÍSICA
Extensión XXIV, 328 p. ;
Dimensiones 25 cm.
500 ## - NOTA GENERAL
Nota general Índice.
600 14 - PUNTO DE ACCESO ADICIONAL DE MATERIA--NOMBRE DE PERSONA
Nombre de persona Rosal, Amaro del-
Subdivisión general Archivo.
9 (RLIN) 99633
610 24 - PUNTO DE ACCESO ADICIONAL DE MATERIA--NOMBRE DE ENTIDAD CORPORATIVA
Nombre de entidad corporativa o nombre de jurisdicción como elemento de entrada Fundación Pablo Iglesias.
Unidad subordinada Archivo y Biblioteca-
Subdivisión de forma Catálogos
9 (RLIN) 4376
610 2# - PUNTO DE ACCESO ADICIONAL DE MATERIA--NOMBRE DE ENTIDAD CORPORATIVA
Nombre de entidad corporativa o nombre de jurisdicción como elemento de entrada UGT-
Subdivisión de forma Historia-
-- Fuentes-
-- Bibliografías.
9 (RLIN) 7031
700 1# - ENTRADA AGREGADA--NOMBRE PERSONAL
Nombre de persona García Paz, Beatriz.
9 (RLIN) 55087
700 1# - ENTRADA AGREGADA--NOMBRE PERSONAL
Nombre de persona Motilva Martí, Carmen.
9 (RLIN) 83827
700 1# - ENTRADA AGREGADA--NOMBRE PERSONAL
Nombre de persona Rosal, Amaro del.
9 (RLIN) 99632
710 1# - ENTRADA AGREGADA--NOMBRE DE ENTIDAD CORPORATIVA
Nombre de entidad corporativa o nombre de jurisdicción como elemento de entrada España.
Unidad subordinada Dirección de Archivos Estatales.
9 (RLIN) 3693
852 ## - LOCALIZACIÓN
Ubicación ES-MaACL
Número de control de estantería L-20002
Holdings
Estatus retirado Estado de pérdida Estado de daño No para préstamo Biblioteca de origen Biblioteca actual Ubicación en estantería Fecha de adquisición Fuente de adquisición Total de préstamos Signatura topográfica completa Código de barras Visto por última vez Precio de reemplazo Tipo de ítem Koha
        Biblioteca del Ateneo de Madrid Biblioteca del Ateneo de Madrid Depósito 2 17/01/2008     L-20002 1013009 23/02/2023 23/02/2023 Libro impreso